Регионална библиотека "Любен Каравелов" - Русе

За любовта и сянката (Запис номер 77221)

MARC детайли
000 -Лидер
Контролно поле с фиксирана дължина 01413nam a2200349 c 4500
003 - Код на организацията, давaща контролен номер
Контролно поле BLK
005 - Дата и час на последна редакция
Контролно поле 20250319092602.0
008 - Елементи от данни с фиксирана дължина
fixed length control field 180408b bul|||||r ||||||| ||bul||
010 ## - Наследен системен номер
LC control number KNG00081673000
020 ## - Международен стандартен номер на книга ISBN
Международен стандартен номер на книга ISBN 978-954-529-578-2
040 ## - Източник на каталожния запис
Идентификатор на билиотеката - собственик на записа BLK
041 ## - Код за език
Код за езика на текст/звукозапис или на отделно заглавие Български
Код за езика КДБФ Български
080 ## - УДК
Текстов определител УДК Чилийска литература
УДК код - определител по УДК 821.134.2(83)
УДК определител -31
УДК - код + определител 821.134.2(83)-31
100 1# - Редна дума - Автор
Автор Алиенде, Исабел
Авторска отговорност първи автор
R(LIN) 30822
139 ## - Редно поле
Редна дума Алиенде, Исабел
Авторски знак Али - А 54
245 10 - Сведения за заглавието
Заглавие За любовта и сянката
Подзаглавни данни Роман
Редно поле (дума) Исабел Алиенде; прев. от исп. Екатерина Христева Делева; прев. от исп. Нина Велева.
250 ## - Област на изданието
Сведения за изданието 2. изд.
257 ## - Страна на издаване
Страна на създаване/издаване Чили
260 ## - Област на издателските данни
Име на издателя, разпространителя и проч. Колибри
Година на издаване 2008
Печатница София : Симолини
300 ## - Физическа характеристика
Страници 268 с.
Размери/Мащаб 20 см
380 ## - Жанр
Жанр Худож. лит.
500 ## - Общи забележки
Забележка Ориг. загл. De amor y de sombra / Isabel Aliende. - 1. изд. 1989 на изд. Хр. Г. Данов - Пловдив
700 1# - Други автори (авторска отговорност)
Лично име Делева, Екатерина Христева
Автороска отговорност (Описва отношението между автора и произведението) прев. от исп.
9 (RLIN) 363280
700 1# - Други автори (авторска отговорност)
Лично име Велева, Нина
Автороска отговорност (Описва отношението между автора и произведението) прев. от исп.
9 (RLIN) 371989
852 ## - Местоположение
Форматна сигнатура Цб 238529
Систематично-азбучна сигнатура П 860(7/8)-31/А 54
856 4# - Електронен адрес и достъп
Електронен формат pdf - файл
856 4# - Електронен адрес и достъп
Електронен формат pdf - файл
999 ## - СИСТЕМНИ КОНТРОЛНИ НОМЕРА
Koha biblionumber 77221
Koha biblioitemnumber 77221
942 ## - АРТИКУЛИ
Вид на библиотечния материал Книги
Скрит в OPAC Не
Koha issues (borrowed), all copies 97
Периодичен библиозапис Да
944 ## - СЪЗДАВАНЕ И РЕДАКЦИЯ на ЗАПИСА
Създаване/Редакция Създаване
Дата на регистрацията/редакция 21.02.2008
Служител, извършил регистрацията/редакцията 30530
Статус, дата на статуса Минев Младен
944 ## - СЪЗДАВАНЕ И РЕДАКЦИЯ на ЗАПИСА
Създаване/Редакция Редакция
Дата на регистрацията/редакция 21.01.2010
999 ## - СИСТЕМНИ КОНТРОЛНИ НОМЕРА
Koha biblioitemnumber 77221
Наличности
Код за отписване Код за изгубен артикул Източник на класификационната схема Код за повреда Коз за рестрикции Код за отдаване Артикулен № Име на библиотеката - собственик Име на библиотеката, в която се намира в момента Статус (Текущо местоположение) Дата на вписване в системата Местоположение - отдел Цена в лева Инвентарен номер Систематично азбучна сигнатура Баркод Номер на екземпляра Цена в евро Служебна бележка Служебен тип на артикула
Изтеглен Не е изгубен Universal Decimal Classification Не е повреден без рестрикции заемане за дома 125178 Регионална библиотека "Любен Каравелов" Русе Регионална библиотека "Любен Каравелов" Русе Заемна - подръчен фонд 2008-02-21 Заемна - подръчен фонд 11.99 120000723725 П 821-31/А 54 120000723725 1 6.13 Дост: Pk Вид: Ф N: 15872 Дата: 14.02.2008 Дата инв: 09.02.2018 Бележки инв: П2018 Книги
  Не е изгубен Universal Decimal Classification Не е повреден без рестрикции заемане за дома 125179 Регионална библиотека "Любен Каравелов" Русе Регионална библиотека "Любен Каравелов" Русе Заемна - подръчен фонд 2008-02-21 Заемна - подръчен фонд 11.99 120000723726 П 821-31/А 54 120000723726 2 6.13 Дост: Pk Вид: Ф N: 15872 Дата: 14.02.2008 Дата инв: 09.02.2018 Бележки инв: П2018 Книги
  Не е изгубен   Не е повреден без рестрикции ползва се в читалня 125180 Регионална библиотека "Любен Каравелов" Русе Регионална библиотека "Любен Каравелов" Русе Хранилище 2010-01-21 Хранилище 11.99 120000741010 Цб 238529 120000741010 3 6.13 Дост: Dp Вид: Д N: 28 Дата: 01.07.2009 Книги
  Не е изгубен Universal Decimal Classification Не е повреден   заемане за дома 753594 Регионална библиотека "Любен Каравелов" Русе Регионална библиотека "Любен Каравелов" Русе Заемна - подръчен фонд 2020-01-13 Заемна - подръчен фонд 8.40   П 821-31/А 54 120000840715   4.29   Книги
  Не е изгубен Universal Decimal Classification Не е повреден   заемане за дома 753595 Регионална библиотека "Любен Каравелов" Русе Регионална библиотека "Любен Каравелов" Русе Заемна - подръчен фонд 2020-01-13 Заемна - подръчен фонд 8.40   П 860(7/8)-31/А 54 120000840717   4.29   Книги
  Не е изгубен Universal Decimal Classification Не е повреден   заемане за дома 753596 Регионална библиотека "Любен Каравелов" Русе Регионална библиотека "Любен Каравелов" Русе Заемна - подръчен фонд 2020-01-13 Заемна - подръчен фонд 8.40   П 821-31/А 54 120000840716   4.29   Книги
Vip Innovations Ltd, Rousse, Bulgaria 2025